Database System Concepts / (Record no. 13587)
[ view plain ]
| 000 -LEADER | |
|---|---|
| fixed length control field | 00428cam a2200157ua 4500 |
| 020 ## - INTERNATIONAL STANDARD BOOK NUMBER | |
| ISBN | 9780071244763 |
| 082 ## - DEWEY DECIMAL CLASSIFICATION NUMBER | |
| Classification number | 005.746 |
| Item number | SIL/DA |
| 100 ## - MAIN ENTRY--AUTHOR NAME | |
| Personal name | Silberschatz, Abraham . |
| 100 ## - MAIN ENTRY--AUTHOR NAME | |
| Personal name | Korth, Henry F . |
| 100 ## - MAIN ENTRY--AUTHOR NAME | |
| Personal name | Sudharshan, S . |
| 245 ## - TITLE STATEMENT | |
| Title | Database System Concepts / |
| 250 ## - EDITION STATEMENT | |
| Edition statement | 5 / 6 |
| 260 ## - PUBLICATION, DISTRIBUTION, ETC. (IMPRINT) | |
| Place of publication | Boston : |
| Name of publisher | McGrah Hill Higher Education , |
| Year of publication | 2006, 2011 |
| 300 ## - PHYSICAL DESCRIPTION | |
| Number of Pages | 1142 ; .1349 |
| 942 ## - ADDED ENTRY ELEMENTS (KOHA) | |
| Koha item type | Books |
| Withdrawn status | Lost status | Damaged status | Home library | Current library | Date acquired | Full call number | Accession Number | Koha item type | Collection code | Shelving location | Source of acquisition | Cost, normal purchase price |
|---|---|---|---|---|---|---|---|---|---|---|---|---|
| KAUAET | KAUAET | 07/04/2012 | 005.746 | 22238 | Books | |||||||
| KAUAET | KAUAET | 07/04/2012 | 005.746 | 22239 | Books | |||||||
| KAUAET | KAUAET | 07/04/2012 | 005.746 | 22237 | Books | |||||||
| KAUAET | KAUAET | 07/04/2012 | 005.746 | 22240 | Books | |||||||
| KAUAET | KAUAET | 07/04/2012 | 005.746 | 22241 | Books | |||||||
| KAUAET | KAUAET | 27/08/2016 | 005.746 SIL/DA | BB 378 | Book Bank scheme for SC students | Scheme | Dream Tech Publishers & Book Sellers, Thiruvanathapuram. | 936.00 |
